| 000 | 00667nam a2200217 a 4500 | ||
|---|---|---|---|
| 999 |
_c1013 _d1013 |
||
| 001 | 1013 | ||
| 003 | BD-JhCC | ||
| 005 | 20221124134023.0 | ||
| 008 | 171012s2010 bg |||| |||| 000 0 ben d | ||
| 020 | _a9847013800897 | ||
| 035 | _a(BD-JhCC) 1013 | ||
| 040 |
_aBD-JhCC _dBD-JhCC |
||
| 041 | _aben | ||
| 082 |
_a891.443 _bSHO 2010 |
||
| 100 | _aশোভন, লস্কর শাহীর | ||
| 245 |
_aলাল তুলি / _cলস্কর শাহীর শোভন |
||
| 260 |
_aঢাকা: _bবিদ্যাপ্রকাশ, _c২০১০ |
||
| 300 |
_a২৪০ পৃ.; _c২২ সে.মি. |
||
| 650 | _aBengali Novel | ||
| 942 |
_2ddc _cBK _02 |
||